Scritti di diritto comune

-д хадгалсан:
Номзүйн дэлгэрэнгүй
Үндсэн зохиолч: Ermini, Giuseppe (Зохиогч)
Формат: Ном
Хэл сонгох:итали
Хэвлэсэн: Perugia Libreria Editrice Universitaria 1980
Цуврал:Universita' degli studi di Perugia. Nuova Serie, 4
Нөхцлүүд:
Шошгууд: Шошго нэмэх
Шошго байхгүй, Энэхүү баримтыг шошголох эхний хүн болох!

MARC

LEADER 00000nam a2200000 a 4500
001 UCV3495
003 CL-VaPUC
008 930817e19800000IT |||||||||||||||||ita|d
082 0 4 |a 340  |b ERM  |2 21 
100 0 |a Ermini, Giuseppe  |e author  |9 297744 
245 1 0 |a Scritti di diritto comune 
300 |a v 
942 |c BK 
945 |d 19930817 00:00:00 
260 |a Perugia  |b Libreria Editrice Universitaria  |c 1980 
650 7 |a DERECHO  |2 CL-VaPUC  |9 297745 
650 0 |a Historia y crítica   |9 257407 
583 |a last modification  |c 19930817 00:00:00  |k Rodrigo Vera 
490 0 |a Universita' degli studi di Perugia. Nuova Serie, 4 
999 |c 210682  |d 210680 
952 |0 0  |1 0  |4 0  |6 340_000000000000000_ERM_1980  |7 0  |8 X  |9 187104  |a BIBDER  |b BIBDER  |d 2019-11-14  |h v.2  |i 2547953  |o 340 ERM 1980  |p 2547953  |r 2019-11-14  |w 2019-11-14  |y BK_X  |k DER